| 000 | 01249cam a2200349 a 4500 | ||
|---|---|---|---|
| 001 | 13333922 | ||
| 003 | ost | ||
| 005 | 20140310184244.0 | ||
| 008 | 030905s2004 nyua j b 000 0ceng | ||
| 010 | _a 2003062548 | ||
| 020 | _a0439728207 | ||
| 040 |
_aDLC _cDLC _dDLC |
||
| 043 | _an-us--- | ||
| 050 | 0 | 0 |
_aE 449 _b.Ad1556 2005 |
| 100 | 1 |
_aAdler, David A. _923317 |
|
| 245 | 1 | 0 |
_aEnemies of slavery / _cby David A. Adler ; illustrated by Donald A. Smith. |
| 250 | _a1st ed. | ||
| 260 |
_aNew York : _bscholastic _cc2004. |
||
| 300 |
_a32 p. : _bcol. ill ; _c29 cm. |
||
| 521 | _aG9 | ||
| 526 | _c1040 | ||
| 650 | 0 |
_aAbolitionists _zUnited States _vBiography _vJuvenile literature. _925995 |
|
| 650 | 0 |
_aAntislavery movements _zUnited States _xHistory _vJuvenile literature. _925996 |
|
| 650 | 0 |
_aSlavery _zUnited States _xHistory _vJuvenile literature. _925997 |
|
| 650 | 0 |
_aAfrican Americans _xHistory _yTo 1863 _vJuvenile literature. _925998 |
|
| 700 | 1 |
_aSmith, Donald A., _d1934- _eill. _925999 |
|
| 906 |
_a7 _bcbc _corignew _d1 _eocip _f20 _gy-gencatlg |
||
| 942 |
_2lcc _cBK-SCHOLAS |
||
| 999 |
_c33304 _d33304 |
||